[Event "DEM U12/U12w 2010"]
[Site "Oberhof GER"]
[Date "2010.05.28"]
[Round "10"]
[White "Grigorian, Spartak"]
[Black "Sawlin, Leonid"]
[Result "1-0"]
[Termination "normal"]
[Board "2"]
[WhiteElo "1800"]
[BlackElo "1865"]
[PlyCount "163"]
[WhiteFideId "24661490"]
[BlackFideId "4689542"]
[EventCountry "GER"]
[EventRounds "11"]
[EventType "swiss"]
[EventDate "2010.05.22"]

1. Nf3 e6 2. d4 f5 3. c4 Nf6 4. Nc3 Be7 5. Bf4 O-O 6. e3 b6 7. Bd3 Bb7 8. Qc2
Nc6 9. a3 a5 10. Nb5 d6 11. Ng5 Bc8 12. Nf3 Na7 13. Nc3 Nh5 14. Bg3 g6 15. Ne2
Bb7 16. Bf4 g5 17. Bg3 g4 18. Nd2 Kh8 19. Rg1 Qd7 20. Nf4 Ng7 21. f3 e5 22. Ne2
Bf6 23. d5 c6 24. e4 f4 25. Bf2 b5 26. cxb5 cxb5 27. b4 a4 28. Nc3 Rfc8 29. Qb2
Ba6 30. Nxa4 bxa4 31. Bxa6 Rcb8 32. Rc1 Bg5 33. Bd3 Nb5 34. Bxb5 Rxb5 35. Qc3
Rb7 36. Qc6 Qe7 37. Ke2 Ne8 38. Nc4 g3 39. hxg3 fxg3 40. Be3 Bf6 41. Na5 Rbb8
42. Qxa4 Nc7 43. Qc2 Rc8 44. Rh1 Qd7 45. Qc6 Qe7 46. Rh3 Kg8 47. Rxg3+ Kh8 48.
Qc2 Qd7 49. Qc6 Qe7 50. Rh3 Kg8 51. Rc2 Kh8 52. Bb6 Ne8 53. Qa4 Bg5 54. Rxc8
Rxc8 55. Nc6 Qf6 56. Qb3 Qf7 57. Be3 Bf6 58. a4 Rxc6 59. b5 Rc8 60. b6 Qb7 61.
Qb5 Ra8 62. a5 Be7 63. Rh1 Nf6 64. Rc1 Bd8 65. Rc6 Ne8 66. Bh6 Be7 67. Kd3 Kg8
68. Kc3 Bf6 69. Kb4 Bh4 70. Bd2 Bf2 71. Ka4 Kf8 72. Bb4 Ke7 73. f4 Bg3 74. f5
Bh4 75. Qe2 Bf6 76. Qh5 Kd8 77. Bxd6 Qd7 78. Bc7+ Nxc7 79. bxc7+ Kc8 80. Qh6
Qf7 81. Qxf6 Qh5 82. Qd8+ 1-0

[Event "DEM U12/U12w 2010"]
[Site "Oberhof GER"]
[Date "2010.05.28"]
[Round "10"]
[White "Schröder, Jan-Christian"]
[Black "Xiong, Ferdinand"]
[Result "1-0"]
[Termination "normal"]
[Board "3"]
[WhiteElo "1965"]
[BlackElo "1901"]
[PlyCount "87"]
[WhiteFideId "24662259"]
[BlackFideId "24654132"]
[EventCountry "GER"]
[EventRounds "11"]
[EventType "swiss"]
[EventDate "2010.05.22"]

1. e4 c5 2. Nf3 d6 3. d4 cxd4 4. Nxd4 Nf6 5. Nc3 g6 6. Be3 Bg7 7. f3 O-O 8. Qd2
Nc6 9. Bc4 Bd7 10. O-O-O Qa5 11. Bb3 Rfc8 12. h4 Ne5 13. g4 b5 14. h5 Nc4 15.
Bxc4 bxc4 16. hxg6 fxg6 17. Qh2 Rab8 18. g5 Nh5 19. Nd5 Re8 20. Kb1 c3 21. Nb3
Qb5 22. Bd4 a5 23. Bxg7 Kxg7 24. Nxc3 Qb7 25. a4 Rec8 26. Qd2 Rc4 27. Qd3 Qc7
28. Nd5 Qc8 29. Nxe7 Qa6 30. Nxa5 Rxc2 31. Qxc2 Qxa5 32. Rd5 Qb4 33. Qd2 Kf8
34. Nf5 Nf4 35. Rxd6 Bxa4 36. Qxb4 Rxb4 37. Rd8+ Be8 38. Rxh7 gxf5 39. Rh8+ Kg7
40. Rhxe8 Rb5 41. exf5 Rxf5 42. Rg8+ Kh7 43. Rh8+ Kg6 44. Rdg8+ 1-0

[Event "DEM U12/U12w 2010"]
[Site "Oberhof GER"]
[Date "2010.05.28"]
[Round "10"]
[White "Baskin, Robert"]
[Black "Bluhm, Sonja Maria"]
[Result "0-1"]
[Termination "normal"]
[Board "5"]
[WhiteElo "1828"]
[BlackElo "1709"]
[PlyCount "66"]
[WhiteFideId "24662402"]
[BlackFideId "24654027"]
[EventCountry "GER"]
[EventRounds "11"]
[EventType "swiss"]
[EventDate "2010.05.22"]

1. e4 e5 2. Nf3 Nc6 3. Bb5 a6 4. Ba4 Nf6 5. d3 b5 6. Bb3 Be7 7. O-O d6 8. c3
O-O 9. Re1 Na5 10. Bc2 c5 11. h3 Qc7 12. d4 cxd4 13. cxd4 Nc6 14. d5 Nb4 15.
Bb3 a5 16. a3 Na6 17. Nc3 Bd7 18. Bg5 Nc5 19. Bc2 Rfc8 20. Re3 Na6 21. Rc1 Qb6
22. Ne2 h6 23. Bxf6 Bxf6 24. Ng3 Rc5 25. Nh5 Be7 26. g4 Rac8 27. Ng3 b4 28. Ne2
Qc7 29. Ne1 Bg5 30. Rf3 Bxc1 31. Nxc1 Rxc2 32. Qxc2 Qxc2 33. Nxc2 Rxc2 0-1

[Event "DEM U12/U12w 2010"]
[Site "Oberhof GER"]
[Date "2010.05.28"]
[Round "10"]
[White "Richter, Leonard"]
[Black "Kollars, Dmitrij"]
[Result "0-1"]
[Termination "normal"]
[Board "6"]
[WhiteElo "1816"]
[BlackElo "1611"]
[PlyCount "76"]
[WhiteFideId "12900290"]
[BlackFideId "12909572"]
[EventCountry "GER"]
[EventRounds "11"]
[EventType "swiss"]
[EventDate "2010.05.22"]

1. e4 c5 2. d4 cxd4 3. c3 dxc3 4. Nxc3 Nc6 5. Nf3 e6 6. Bc4 d6 7. O-O Nf6 8.
Qe2 Be7 9. Rd1 e5 10. Be3 O-O 11. Rac1 Bg4 12. h3 Bh5 13. Rc2 Rc8 14. Rcd2 Na5
15. Bd3 Nc6 16. Bb1 Qa5 17. Nb5 Bxf3 18. gxf3 Rfd8 19. Nxd6 Bxd6 20. Rxd6 Nd4
21. Rxd8+ Rxd8 22. Bxd4 Rxd4 23. Rxd4 exd4 24. e5 Nd7 25. f4 Qd5 26. Qe4 Qxe4
27. Bxe4 Nc5 28. f3 b6 29. Kf2 Kf8 30. Ke2 h6 31. f5 Na4 32. Kd3 Nxb2+ 33. Kxd4
Na4 34. Kc4 Ke7 35. Bc2 Nc5 36. a4 Kd7 37. Kd5 Na6 38. h4 Nb4+ 0-1

[Event "DEM U12/U12w 2010"]
[Site "Oberhof GER"]
[Date "2010.05.28"]
[Round "10"]
[White "Hirschmann, Jakob"]
[Black "Perske, Thore"]
[Result "1/2-1/2"]
[Termination "normal"]
[Board "7"]
[WhiteElo "1770"]
[BlackElo "1659"]
[PlyCount "36"]
[WhiteFideId "24652067"]
[BlackFideId "12902195"]
[EventCountry "GER"]
[EventRounds "11"]
[EventType "swiss"]
[EventDate "2010.05.22"]

1. e4 e6 2. d4 d5 3. e5 c5 4. c3 Nc6 5. Nf3 Bd7 6. a3 f6 7. exf6 Nxf6 8. Be2
Bd6 9. O-O Qc7 10. dxc5 Bxc5 11. c4 dxc4 12. Bxc4 O-O 13. b4 Bd6 14. Qb3 Rae8
15. Nbd2 Ne5 16. Bb2 Nfg4 17. h3 Nxc4 18. Nxc4 Nh2 1/2-1/2

[Event "DEM U12/U12w 2010"]
[Site "Oberhof GER"]
[Date "2010.05.28"]
[Round "10"]
[White "Schwarz, Larissa"]
[Black "Hamid, Emran"]
[Result "1/2-1/2"]
[Termination "normal"]
[Board "8"]
[WhiteElo "1526"]
[BlackElo "1700"]
[PlyCount "55"]
[WhiteFideId "24699004"]
[BlackFideId "12903566"]
[EventCountry "GER"]
[EventRounds "11"]
[EventType "swiss"]
[EventDate "2010.05.22"]

1. e4 e5 2. Nf3 Nc6 3. Nc3 Nf6 4. d4 exd4 5. Nxd4 Bb4 6. Nxc6 bxc6 7. Bd3 d5 8.
exd5 cxd5 9. O-O O-O 10. Bf4 c6 11. a3 Bd6 12. Bxd6 Qxd6 13. h3 Rb8 14. Rb1 Be6
15. Re1 Rb7 16. Qe2 Re8 17. b4 Rbe7 18. Qf3 h6 19. Red1 Nd7 20. Na4 Qc7 21.
Rdc1 g6 22. Qe3 Kh7 23. Qd4 Ne5 24. Be2 Bf5 25. Nc5 Nd7 26. Bf3 Nxc5 27. Qxc5
Qb6 28. Qd6 1/2-1/2

[Event "DEM U12/U12w 2010"]
[Site "Oberhof GER"]
[Date "2010.05.28"]
[Round "10"]
[White "Manusina, Nicole"]
[Black "Keller, Peter"]
[Result "0-1"]
[Termination "normal"]
[Board "9"]
[WhiteElo "1789"]
[BlackElo "1798"]
[PlyCount "66"]
[WhiteFideId "24657514"]
[BlackFideId "1272105"]
[EventCountry "GER"]
[EventRounds "11"]
[EventType "swiss"]
[EventDate "2010.05.22"]

1. d4 d5 2. c4 c6 3. Nf3 Nf6 4. e3 Bg4 5. Nc3 e6 6. h3 Bxf3 7. Qxf3 Bd6 8. Bd3
O-O 9. Bd2 Nbd7 10. O-O-O dxc4 11. Bxc4 Qc7 12. Kb1 b5 13. Bb3 a5 14. Rc1 Qb6
15. g4 a4 16. Bd1 Nd5 17. Ne2 c5 18. e4 Nc7 19. Be3 c4 20. Ka1 Qa6 21. Bf4 e5
22. dxe5 Bxe5 23. Bxe5 Nxe5 24. Qg3 Nd3 25. Qxc7 a3 26. b3 Nxc1 27. Nxc1 Qf6+
28. e5 Qf4 29. Ne2 Qd2 30. Bc2 Qxc2 31. Rb1 Qxe2 32. Qc5 cxb3 33. Rxb3 Rfc8 0-1

[Event "DEM U12/U12w 2010"]
[Site "Oberhof GER"]
[Date "2010.05.28"]
[Round "10"]
[White "Rempe, Moritz"]
[Black "Damm, Nils"]
[Result "1/2-1/2"]
[Termination "normal"]
[Board "10"]
[WhiteElo "1631"]
[BlackElo "1639"]
[PlyCount "83"]
[WhiteFideId "12906867"]
[BlackFideId "24693065"]
[EventCountry "GER"]
[EventRounds "11"]
[EventType "swiss"]
[EventDate "2010.05.22"]

1. e4 g6 2. d4 Bg7 3. f4 d6 4. Nf3 Bg4 5. Be3 e6 6. h3 Bxf3 7. Qxf3 Nd7 8. Nc3
c6 9. O-O-O d5 10. e5 Ne7 11. g4 b5 12. b3 a5 13. Be2 a4 14. Kb2 Qa5 15. Bd2
axb3 16. cxb3 b4 17. Na4 Nb6 18. Rc1 Nxa4+ 19. bxa4 Qxa4 20. Qb3 Qa3+ 21. Kb1
Rb8 22. Qxa3 bxa3+ 23. Ka1 Rb2 24. Rhd1 Kd7 25. Rc3 Ra8 26. Bf1 Rb7 27. Bc1 Bf8
28. Bxa3 Rba7 29. Kb2 h5 30. Ra1 hxg4 31. hxg4 Bh6 32. g5 Bf8 33. Bc5 Rb7+ 34.
Rb3 Rxb3+ 35. Kxb3 Nf5 36. Bxf8 Rxf8 37. Kc3 Rh8 38. Bd3 Rh3 39. a4 Ne7 40. a5
Rh8 41. a6 Rb8 42. Ra2 1/2-1/2

[Event "DEM U12/U12w 2010"]
[Site "Oberhof GER"]
[Date "2010.05.28"]
[Round "10"]
[White "Berkes, Alexander"]
[Black "Mager, Denis"]
[Result "0-1"]
[Termination "normal"]
[Board "11"]
[WhiteElo "1610"]
[BlackElo "1538"]
[PlyCount "136"]
[WhiteFideId "12901636"]
[BlackFideId "24691127"]
[EventCountry "GER"]
[EventRounds "11"]
[EventType "swiss"]
[EventDate "2010.05.22"]

1. e4 e6 2. d3 c5 3. Nf3 Nc6 4. g3 g6 5. Bg2 Bg7 6. O-O Nge7 7. Nbd2 O-O 8. Re1
d6 9. Nf1 e5 10. Be3 h6 11. c3 Be6 12. h3 f5 13. Qd2 Kh7 14. Nh4 f4 15. gxf4
exf4 16. Bxf4 g5 17. Bxg5 hxg5 18. Nf3 Bh6 19. Nxg5+ Bxg5 20. Qxg5 Ng6 21. Qh5+
Kg7 22. Re3 Rh8 23. Qf3 Qf8 24. Qg3 Qf4 25. Nh2 Raf8 26. b3 Qxg3 27. Rxg3 Kf7
28. Rf1 Nf4 29. Rf3 Ke7 30. Ng4 Nxh3+ 31. Rxh3 Bxg4 32. Rxh8 Rxh8 33. f3 Be6
34. f4 Bh3 35. Rf3 Bxg2 36. Kxg2 a6 37. Rg3 Kf7 38. f5 Rg8 39. Rxg8 Kxg8 40.
Kf3 Kf7 41. Ke3 Kf6 42. a3 Ke5 43. b4 b5 44. Kf3 a5 45. bxa5 Nxa5 46. Ke3 Nb3
47. Kf3 Nc1 48. Ke3 Nb3 49. Kf3 Na5 50. Ke3 Nc6 51. Kf3 Kf6 52. Kf4 Ne5 53. Ke3
Kg5 54. Kd2 d5 55. exd5 Kxf5 56. Kc2 c4 57. dxc4 bxc4 58. a4 Ke4 59. d6 Kd5 60.
Kb2 Kxd6 61. Ka3 Kc5 62. Kb2 Kb6 63. Kc2 Ka5 64. Kb2 Kxa4 65. Ka2 Nd3 66. Kb1
Kb3 67. Ka1 Kxc3 68. Ka2 Kd2 0-1

[Event "DEM U12/U12w 2010"]
[Site "Oberhof GER"]
[Date "2010.05.28"]
[Round "10"]
[White "Peters, Tom"]
[Black "Flüchter, Gregor"]
[Result "1/2-1/2"]
[Termination "normal"]
[Board "12"]
[WhiteElo "1551"]
[BlackElo "1721"]
[PlyCount "52"]
[WhiteFideId "24694444"]
[BlackFideId "12903396"]
[EventCountry "GER"]
[EventRounds "11"]
[EventType "swiss"]
[EventDate "2010.05.22"]

1. e4 c5 2. Nf3 d6 3. d4 cxd4 4. Nxd4 Nf6 5. Nc3 a6 6. Be3 e5 7. Nf3 Be7 8. Bc4
Nc6 9. O-O O-O 10. Qe2 b5 11. Bd5 Nxd5 12. Nxd5 Bg4 13. h3 Bh5 14. a4 b4 15. a5
Kh8 16. Bb6 Qc8 17. Nc7 Rb8 18. g4 Bg6 19. Nxa6 Ra8 20. Nc7 Rb8 21. Nd2 Nd4 22.
Qc4 h5 23. f3 Bg5 24. Nb3 Be3+ 25. Kg2 hxg4 26. hxg4 Bxe4 1/2-1/2

[Event "DEM U12/U12w 2010"]
[Site "Oberhof GER"]
[Date "2010.05.28"]
[Round "10"]
[White "Paulsen, Alexej"]
[Black "Walter, Kevin"]
[Result "0-1"]
[Termination "normal"]
[Board "13"]
[WhiteElo "1549"]
[BlackElo "1777"]
[PlyCount "82"]
[WhiteFideId "24662372"]
[BlackFideId "12906654"]
[EventCountry "GER"]
[EventRounds "11"]
[EventType "swiss"]
[EventDate "2010.05.22"]

1. e4 c5 2. Nf3 d6 3. Bb5+ Bd7 4. Bxd7+ Qxd7 5. c4 Nf6 6. d3 e6 7. Nc3 Be7 8.
O-O O-O 9. Bg5 Nc6 10. Re1 Rfe8 11. Rc1 Rab8 12. Bf4 a6 13. e5 dxe5 14. Nxe5
Nxe5 15. Bxe5 Rbd8 16. Re3 Qc6 17. Rg3 g6 18. Qd2 Nd7 19. Re3 Nxe5 20. Rxe5 Bf6
21. Ree1 Rd4 22. Ne4 Bg7 23. Qe3 Red8 24. Red1 b6 25. Kf1 Qa4 26. Nc3 Qd7 27.
Ke2 Qd6 28. g3 f5 29. f3 Be5 30. Qd2 Qc7 31. b3 Rxd3 32. Qxd3 Rxd3 33. Rxd3 Bd4
34. Kd2 e5 35. Nd5 Qd6 36. Rxd4 cxd4 37. Kd3 a5 38. Re1 b5 39. Kc2 Qa3 40. Kb1
bxc4 41. bxc4 Qxf3 0-1

[Event "DEM U12/U12w 2010"]
[Site "Oberhof GER"]
[Date "2010.05.28"]
[Round "10"]
[White "Heldt, Ronny"]
[Black "Bentel, Robin"]
[Result "0-1"]
[Termination "normal"]
[Board "14"]
[WhiteElo "1584"]
[BlackElo "1642"]
[PlyCount "110"]
[WhiteFideId "12903973"]
[BlackFideId "12918016"]
[EventCountry "GER"]
[EventRounds "11"]
[EventType "swiss"]
[EventDate "2010.05.22"]

1. d4 d5 2. c4 e6 3. Nc3 Nf6 4. cxd5 exd5 5. Bg5 Be7 6. e3 O-O 7. Bd3 c6 8. Qc2
h6 9. Bh4 Re8 10. Nge2 Be6 11. O-O Nbd7 12. f3 Rc8 13. Bf2 c5 14. Rad1 Bf8 15.
Bf5 Bxf5 16. Qxf5 g6 17. Qd3 c4 18. Qb1 a6 19. a4 Rb8 20. Qa2 b5 21. Ra1 b4 22.
Nd1 a5 23. h3 Nb6 24. Rb1 Qd7 25. Ra1 b3 26. Qb1 Nxa4 27. Ndc3 Nxc3 28. Nxc3
Bb4 29. Qc1 Bxc3 30. Qxc3 a4 31. Bh4 g5 32. Bg3 Ra8 33. Be5 Qe6 34. Bxf6 Qxf6
35. e4 Qc6 36. Rfe1 dxe4 37. fxe4 Rxe4 38. Rxe4 Qxe4 39. Qxc4 Qc2 40. Qxc2 bxc2
41. Rc1 Rc8 42. Kf2 Kf8 43. Ke3 Ke7 44. Kd3 Kd6 45. Ke4 f5+ 46. Kd3 Kd5 47. g3
Rc4 48. Ke3 f4+ 49. gxf4 gxf4+ 50. Kd2 Rxd4+ 51. Kxc2 Rc4+ 52. Kd2 Rxc1 53.
Kxc1 Ke4 54. Kd2 Kf3 55. Ke1 Kg2 0-1

[Event "DEM U12/U12w 2010"]
[Site "Oberhof GER"]
[Date "2010.05.28"]
[Round "10"]
[White "Bach, Jannik"]
[Black "Klöckner, Connor"]
[Result "1-0"]
[Termination "normal"]
[Board "15"]
[WhiteElo "1680"]
[BlackElo "1543"]
[PlyCount "55"]
[WhiteFideId "24615900"]
[EventCountry "GER"]
[EventRounds "11"]
[EventType "swiss"]
[EventDate "2010.05.22"]

1. e4 c5 2. Nf3 Nf6 3. e5 Nd5 4. Nc3 e6 5. Nxd5 exd5 6. d4 Nc6 7. dxc5 Bxc5 8.
Qxd5 Qb6 9. Bc4 Bxf2+ 10. Ke2 O-O 11. Rf1 Bc5 12. Ng5 Nb4 13. Qe4 g6 14. Qh4 h5
15. Rf6 Qxf6 16. exf6 Re8+ 17. Kd1 d5 18. Bd3 Bg4+ 19. Nf3 Re6 20. Bd2 Rae8 21.
Bb5 Rd8 22. a3 Nc6 23. h3 Bf5 24. Bd3 Bxd3 25. cxd3 Rde8 26. Kc2 Bd4 27. Nxd4
Nxd4+ 28. Qxd4 1-0

[Event "DEM U12/U12w 2010"]
[Site "Oberhof GER"]
[Date "2010.05.28"]
[Round "10"]
[White "Kempe, Anne"]
[Black "Wiesner, Paula"]
[Result "1/2-1/2"]
[Termination "normal"]
[Board "16"]
[WhiteElo "1369"]
[BlackElo "1863"]
[PlyCount "57"]
[WhiteFideId "12918083"]
[BlackFideId "24654019"]
[EventCountry "GER"]
[EventRounds "11"]
[EventType "swiss"]
[EventDate "2010.05.22"]

1. e4 c5 2. Nf3 d6 3. d4 cxd4 4. Nxd4 Nf6 5. Nc3 e5 6. Nf3 Nc6 7. Be2 h6 8. O-O
Be7 9. Re1 Be6 10. Bf1 O-O 11. h3 Qc7 12. Nb5 Qd7 13. c4 Ne8 14. b3 f5 15. exf5
Bxf5 16. Nc3 Nb4 17. Ne4 Nf6 18. Nfd2 Nxe4 19. Nxe4 Bxe4 20. Rxe4 Qf5 21. Re2
Nd3 22. Qc2 Nxc1 23. Rxc1 Qxc2 24. Rexc2 Rf4 25. Rd1 Raf8 26. g3 R4f6 27. Bg2
b6 28. a4 Rc8 29. Rcd2 1/2-1/2

[Event "DEM U12/U12w 2010"]
[Site "Oberhof GER"]
[Date "2010.05.28"]
[Round "10"]
[White "Bilchinski, Anton"]
[Black "Weber, Sandra"]
[Result "0-1"]
[Termination "normal"]
[Board "17"]
[WhiteElo "1727"]
[BlackElo "1350"]
[PlyCount "120"]
[WhiteFideId "24615765"]
[BlackFideId "1270049"]
[EventCountry "GER"]
[EventRounds "11"]
[EventType "swiss"]
[EventDate "2010.05.22"]

1. d4 Nf6 2. c4 g6 3. Nc3 Bg7 4. e4 d6 5. f4 O-O 6. Nf3 Nbd7 7. Be2 e6 8. O-O
c5 9. d5 e5 10. fxe5 Nxe5 11. Nxe5 dxe5 12. Bg5 Bd7 13. Qd2 a6 14. Rf2 Qb6 15.
h3 h6 16. Be3 Rab8 17. Bd3 h5 18. Bh6 Qd6 19. Bxg7 Kxg7 20. Raf1 Nh7 21. a4 b6
22. Rf3 g5 23. h4 Bg4 24. Rf6 Qd8 25. Be2 Bxe2 26. Nxe2 Rb7 27. Ng3 Rg8 28.
Nxh5+ Kf8 29. R6f5 Qd6 30. Nf6 Nxf6 31. Rxf6 Qd7 32. hxg5 Qg4 33. Qf2 Rg7 34.
g6 Qh5 35. Rxf7+ Rbxf7 36. gxf7 Rh7 37. Qe1 Qh1+ 38. Kf2 Rxf7+ 39. Ke2 Qxg2+
40. Rf2 Qxe4+ 41. Kf1 Qxc4+ 42. Kg1 Qd4 43. Qd2 Qxf2+ 44. Qxf2 Rxf2 45. Kxf2
Ke7 46. Ke3 Kd6 47. Ke4 b5 48. b3 c4 49. bxc4 bxc4 50. a5 c3 51. Kd3 Kxd5 52.
Kxc3 Ke4 53. Kc4 Kf3 54. Kc5 e4 55. Kb6 e3 56. Kxa6 e2 57. Kb7 e1=Q 58. a6 Qb4+
59. Ka8 Qc5 60. Kb8 Qb6+ 0-1

[Event "DEM U12/U12w 2010"]
[Site "Oberhof GER"]
[Date "2010.05.28"]
[Round "10"]
[White "Angrick, Philipp"]
[Black "Birnkraut, Tim"]
[Result "0-1"]
[Termination "normal"]
[Board "18"]
[WhiteElo "1528"]
[BlackElo "1686"]
[PlyCount "164"]
[WhiteFideId "12912298"]
[BlackFideId "24609587"]
[EventCountry "GER"]
[EventRounds "11"]
[EventType "swiss"]
[EventDate "2010.05.22"]

1. e4 e5 2. Nf3 Nc6 3. d4 exd4 4. Bc4 Nf6 5. O-O Nxe4 6. Re1 d5 7. Bxd5 Qxd5 8.
Nc3 Qa5 9. Nxe4 Be6 10. Neg5 O-O-O 11. Nxe6 fxe6 12. Rxe6 Qf5 13. Qe2 Bd6 14.
Bg5 Rdf8 15. Re4 h6 16. Bd2 g5 17. Qd3 Qf6 18. Rf1 Rd8 19. c3 dxc3 20. Bxc3 Qf7
21. Qb5 Rhe8 22. Rc4 a6 23. Qa4 Qd7 24. Bf6 Be7 25. Ne5 Nxe5 26. Bxe5 Bd6 27.
Bxd6 Qxd6 28. Qc2 c6 29. h3 Qd2 30. Qf5+ Kb8 31. Rc2 Qd3 32. Qxd3 Rxd3 33. Kh2
Red8 34. Rfc1 Kc7 35. f3 R8d4 36. Re1 Kd7 37. Kg3 Rd2 38. Re2 Rxc2 39. Rxc2 Kd6
40. Kf2 b5 41. g3 c5 42. Ke3 Kd5 43. Rd2 Rxd2 44. Kxd2 Kd4 45. Ke2 c4 46. Kd2
b4 47. Ke2 c3 48. bxc3+ bxc3 49. a4 c2 50. Kd2 c1=Q+ 51. Kxc1 Ke3 52. f4 gxf4
53. gxf4 Kxf4 54. Kd1 Kg3 55. a5 Kxh3 56. Ke2 Kg2 57. Kd3 h5 58. Kc4 h4 59. Kc5
h3 60. Kb6 h2 61. Kxa6 h1=Q 62. Kb7 Qh7+ 63. Kb6 Qg6+ 64. Kb7 Qf7+ 65. Kb6 Qe6+
66. Kb7 Qd7+ 67. Kb6 Qd8+ 68. Ka6 Qa8+ 69. Kb6 Kf3 70. a6 Ke4 71. a7 Ke5 72.
Ka6 Kd5 73. Kb6 Kd6 74. Ka6 Kc6 75. Ka5 Qxa7+ 76. Kb4 Qc5+ 77. Kb3 Qd4 78. Ka2
Qb6 79. Ka3 Kc5 80. Ka2 Kc4 81. Ka1 Kc3 82. Ka2 Qb2# 0-1

[Event "DEM U12/U12w 2010"]
[Site "Oberhof GER"]
[Date "2010.05.28"]
[Round "10"]
[White "Kasel, Ronaldo"]
[Black "Kaplun, David"]
[Result "1-0"]
[Termination "normal"]
[Board "19"]
[WhiteElo "1575"]
[BlackElo "1787"]
[PlyCount "119"]
[WhiteFideId "24660949"]
[BlackFideId "12901954"]
[EventCountry "GER"]
[EventRounds "11"]
[EventType "swiss"]
[EventDate "2010.05.22"]

1. Nf3 d5 2. d4 Nf6 3. c4 e6 4. Nc3 Nbd7 5. e3 a6 6. Bd2 dxc4 7. Bxc4 b5 8. Bd3
Bb7 9. a3 c5 10. dxc5 Bxc5 11. b4 Be7 12. Be2 O-O 13. O-O Re8 14. Rc1 Rc8 15.
Qb3 Nb6 16. Rfd1 Nbd5 17. e4 Nxc3 18. Bxc3 Qb6 19. e5 Nd5 20. Bd4 Qd8 21. Rc2
Nf4 22. Bc5 Nxe2+ 23. Rxe2 Qc7 24. Rc2 Red8 25. Rdc1 Bxf3 26. Bd6 Qb7 27. Qxf3
Rxc2 28. Rxc2 Qd7 29. Qc6 Qxc6 30. Rxc6 Bxd6 31. exd6 Kf8 32. Rxa6 Rc8 33. g3
Ke8 34. Ra7 Rc1+ 35. Kg2 Ra1 36. Ra5 Ra2 37. Rxb5 Rxa3 38. Rb6 Rb3 39. Rb8+ Kd7
40. Rf8 Kxd6 41. Rxf7 Rxb4 42. Rxg7 h5 43. Rh7 h4 44. Rxh4 Rb7 45. Rh8 Ke5 46.
h4 Kf6 47. Rh6+ Kf5 48. Rh5+ Kg6 49. Rg5+ Kh6 50. Re5 Re7 51. g4 Re8 52. f4 Kg6
53. f5+ Kf6 54. Rxe6+ Rxe6 55. fxe6 Kxe6 56. Kf3 Kf7 57. Kf4 Kg7 58. g5 Kh8 59.
h5 Kg7 60. Kf5 1-0

[Event "DEM U12/U12w 2010"]
[Site "Oberhof GER"]
[Date "2010.05.28"]
[Round "10"]
[White "Essler, Oskar"]
[Black "Zahn, Alina"]
[Result "0-1"]
[Termination "normal"]
[Board "20"]
[WhiteElo "1568"]
[BlackElo "1550"]
[PlyCount "64"]
[WhiteFideId "12918024"]
[BlackFideId "24696730"]
[EventCountry "GER"]
[EventRounds "11"]
[EventType "swiss"]
[EventDate "2010.05.22"]

1. e4 e5 2. f4 exf4 3. Nf3 Ne7 4. d4 d5 5. e5 Ng6 6. c4 Be7 7. Be2 Bh4+ 8. Kf1
O-O 9. Nc3 dxc4 10. Bxc4 Nc6 11. g3 fxg3 12. hxg3 Bxg3 13. Rxh7 Bg4 14. Rh1 Nh4
15. Be2 Bxf3 16. Bxf3 Qxd4 17. Qxd4 Nxd4 18. Bxb7 Rab8 19. Be4 Rfe8 20. Be3
Nhf5 21. Bxd4 Nxd4 22. Bh7+ Kf8 23. e6 Nxe6 24. Rd1 Rxb2 25. Bc2 Kg8 26. Bh7+
Kf8 27. Bc2 Nf4 28. Ne4 Rxc2 29. Nxg3 Kg8 30. Nf5 g6 31. Nh6+ Kg7 32. Ra1 Rh8
0-1

[Event "DEM U12/U12w 2010"]
[Site "Oberhof GER"]
[Date "2010.05.28"]
[Round "10"]
[White "Bardosch, Karl"]
[Black "Mann, Johannes"]
[Result "1-0"]
[Termination "normal"]
[Board "21"]
[WhiteElo "1450"]
[BlackElo "1657"]
[PlyCount "75"]
[WhiteFideId "24696480"]
[BlackFideId "24691380"]
[EventCountry "GER"]
[EventRounds "11"]
[EventType "swiss"]
[EventDate "2010.05.22"]

1. e4 d6 2. d4 Nf6 3. Nc3 g6 4. Nf3 Bg7 5. Be2 O-O 6. O-O Nc6 7. Re1 e5 8. h3
Ne8 9. Be3 f5 10. exf5 Bxf5 11. dxe5 Nxe5 12. Nd4 Bd7 13. Qd2 Nc6 14. Bc4+ Kh8
15. Nce2 Nxd4 16. Bxd4 Bxd4 17. Qxd4+ Ng7 18. Ng3 Qf6 19. Rad1 Nf5 20. Qxf6+
Rxf6 21. Nxf5 Bxf5 22. Re7 Rc8 23. Bb3 g5 24. Rde1 h5 25. Re8+ Rxe8 26. Rxe8+
Kg7 27. Re7+ Kh6 28. Rxc7 Be4 29. Re7 Bc6 30. c3 h4 31. Bc2 g4 32. hxg4 Kg5 33.
Bf5 Bd5 34. g3 hxg3 35. fxg3 Bf3 36. Rg7+ Kh6 37. Rh7+ Kg5 38. Rh5# 1-0

[Event "DEM U12/U12w 2010"]
[Site "Oberhof GER"]
[Date "2010.05.28"]
[Round "10"]
[White "Scholz, Robert"]
[Black "Nobis, Anna"]
[Result "1/2-1/2"]
[Termination "normal"]
[Board "22"]
[WhiteElo "1599"]
[BlackElo "1428"]
[PlyCount "92"]
[WhiteFideId "1270301"]
[BlackFideId "1270302"]
[EventCountry "GER"]
[EventRounds "11"]
[EventType "swiss"]
[EventDate "2010.05.22"]

1. e4 c5 2. Nc3 a6 3. a4 d6 4. Bc4 Nf6 5. d3 e6 6. Bb3 Be7 7. f4 O-O 8. Nf3 Nc6
9. O-O Rb8 10. Ne2 b5 11. axb5 axb5 12. c3 Qb6 13. Kh1 Bb7 14. Bc2 Na7 15. Ng3
Bc6 16. Qe2 Qb7 17. Bd2 Nc8 18. Rae1 Nb6 19. Bc1 Ra8 20. d4 Nc4 21. e5 Nd5 22.
f5 exf5 23. Nxf5 dxe5 24. dxe5 Rfe8 25. Qf2 Bd8 26. b3 Ncb6 27. Nd6 Qc7 28.
Nxe8 Bxe8 29. Be4 Ra7 30. c4 Nb4 31. Be3 Ra2 32. Re2 Rxe2 33. Qxe2 bxc4 34.
bxc4 Nd7 35. Bf4 f6 36. Bg3 fxe5 37. Nxe5 Nxe5 38. Bxe5 Qe7 39. Qb2 g6 40. Re1
Qf8 41. Bb1 Bh4 42. Rd1 Ba4 43. Rg1 Qf7 44. Rc1 Bg5 45. Re1 Qxc4 46. Bh8 Qf7
1/2-1/2

[Event "DEM U12/U12w 2010"]
[Site "Oberhof GER"]
[Date "2010.05.28"]
[Round "10"]
[White "Srokovskiy, Andrea"]
[Black "Hartmann, Jakob"]
[Result "1-0"]
[Termination "normal"]
[Board "23"]
[WhiteElo "1726"]
[BlackElo "1402"]
[PlyCount "41"]
[WhiteFideId "4624947"]
[BlackFideId "12918067"]
[EventCountry "GER"]
[EventRounds "11"]
[EventType "swiss"]
[EventDate "2010.05.22"]

1. d4 d5 2. e3 c6 3. Bd3 Nf6 4. b3 e6 5. Nf3 Nbd7 6. Bb2 Bd6 7. Nbd2 O-O 8. O-O
Qc7 9. Qe2 c5 10. e4 dxe4 11. Nxe4 Nxe4 12. Qxe4 Nf6 13. Qh4 cxd4 14. Bxd4 e5
15. Be3 Bg4 16. Bg5 e4 17. Bxf6 Bxf3 18. Qg5 Bxh2+ 19. Kh1 Bxg2+ 20. Kxg2 g6
21. Qh6 1-0